Moje kočky, cizí kočky a já : průvodce životem pro kočkomily /

Hlavní autor: Kerkeling, Hape, 1964-
Další autoři: Borecká, Jaromíra, 1972-
Jazyk: Čeština
Vydáno: Praha : Euromedia Group, 2022
Vydání: Vydání první
Edice: Esence
Témata:
Fyzický popis: 252 stran ; 21 cm
Knihy
Uloženo v:
LEADER 02306nam a2200637 i 4500
001 nkc20223407536
003 CZ PrNK
005 20220824143244.0
007 ta
008 220329s2022 xr e 000 0acze
015 |a cnb003407536 
020 |a 978-80-242-8244-2  |q (vázáno) 
035 |a (OCoLC)1344359535 
040 |a BOA001  |b cze  |d ABA001  |e rda 
041 1 |a cze  |h ger 
043 |a e-gx--- 
045 |a x-y- 
072 7 |a 636  |x Chov zvířat. Živočišná výroba  |2 Konspekt  |9 24 
072 7 |a 929  |x Biografie  |2 Konspekt  |9 8 
080 |a 636.08-051  |2 MRF 
080 |a 636.8  |2 MRF 
080 |a 636.08  |2 MRF 
080 |a 179.3  |2 MRF 
080 |a 929  |2 MRF 
080 |a (430)  |2 MRF 
080 |a (0:82-94)  |2 MRF 
100 1 |a Kerkeling, Hape,  |d 1964-  |7 xx0098298  |4 aut 
240 1 0 |a Pfoten vom Tisch!.  |l Česky 
245 1 0 |a Moje kočky, cizí kočky a já :  |b průvodce životem pro kočkomily /  |c Hape Kerkeling ; z německého originálu Pfoten vom Tisch! Meine Katzen, andere Katzen und ich ... přeložila Jaromíra Borecká 
250 |a Vydání první 
264 1 |a Praha :  |b Euromedia Group,  |c 2022 
300 |a 252 stran ;  |c 21 cm 
336 |a text  |b txt  |2 rdacontent 
337 |a bez média  |b n  |2 rdamedia 
338 |a svazek  |b nc  |2 rdacarrier 
490 1 |a Esence 
504 |a Obsahuje bibliografické odkazy 
600 1 7 |a Kerkeling, Hape,  |d 1964-  |7 xx0098298  |2 czenas 
648 7 |a 20.-21. století  |7 ch462155  |2 czenas 
650 0 7 |a chovatelé domácích zvířat  |7 ph385191  |z Německo  |y 20.-21. století  |2 czenas 
650 0 7 |a kočky  |7 ph115000  |2 czenas 
650 0 7 |a chov domácích zvířat  |7 ph119200  |2 czenas 
650 0 7 |a člověk a zvíře  |7 ph128185  |2 czenas 
650 0 9 |a pet breeders  |z Germany  |y 20th-21st centuries  |2 eczenas 
650 0 9 |a cats  |2 eczenas 
650 0 9 |a keeping of domestic animals  |2 eczenas 
650 0 9 |a human-animal relationships  |2 eczenas 
655 7 |a autobiografické vzpomínky  |7 fd131854  |2 czenas 
655 9 |a autobiographical reminiscences  |2 eczenas 
700 1 |a Borecká, Jaromíra,  |d 1972-  |7 jx20060726005  |4 trl 
830 0 |a Esence  |0 s 
910 2 |a BOA001  |b 2-1488.901 
990 |a BK 
995 |a 01 
991 |b 202208  |c NOV 
996 6 |b 2610911214  |c 2-1488.901  |l MZK  |r Sklad / do 1 hodiny  |n 0  |p p.v.  |w 001895400  |u 000010  |a 1  |e BOA001  |j MZK50  |s P